|
|
|
|
| LEADER |
01532nam a2200337 a 4500 |
| 001 |
16021116 |
| 003 |
BD-DhAAL |
| 005 |
20130801113913.0 |
| 008 |
130714s2011 cou b 001 0 eng d |
| 010 |
|
|
|a 2009050613
|
| 020 |
|
|
|a 9781588267320 (hardcover : alk. paper)
|
| 020 |
|
|
|a 9788130915265
|
| 020 |
|
|
|a 1588267326 (hardcover : alk. paper)
|
| 040 |
|
|
|a DLC
|c DLC
|d YDXCP
|d UKM
|d C#P
|d BWX
|d CDX
|d VVC
|d DLC
|d BD-DhAAL.
|
| 082 |
0 |
0 |
|a 350.0073091724
|2 22
|
| 999 |
|
|
|c 13683
|d 13683
|
| 999 |
|
|
|c 13683
|
| 245 |
0 |
0 |
|a Making decentralization work :
|b democracy, development, and security /
|c edited by Ed Connerley, Kent Eaton, Paul Smoke.
|
| 260 |
|
|
|a Boulder :
|b Lynne Rienner Publishers ;
|a New Delhi :
|b Viva Books,
|c 2011.
|
| 300 |
|
|
|a viii, 263 p. ;
|c 24 cm.
|
| 504 |
|
|
|a Includes bibliographical references and index.
|
| 541 |
|
|
|e 00027228
|
| 650 |
|
0 |
|a Decentralization in government
|z Developing countries.
|9 2481
|
| 651 |
|
0 |
|a Developing countries
|x Politics and government.
|9 2482
|
| 700 |
1 |
|
|a Connerley, Ed.
|9 2483
|
| 700 |
1 |
|
|a Eaton, Kent,
|d 1968-
|9 2484
|
| 700 |
1 |
|
|a Smoke, Paul J.
|9 2485
|
| 852 |
1 |
|
|a Ayesha Abed Library
|j General shelf.
|
| 942 |
|
|
|2 ddc
|c BK
|
| 952 |
|
|
|0 0
|1 0
|2 ddc
|4 0
|6 350_007309172400000_MAK
|7 0
|9 22919
|a IGS
|b IGS
|c GEN
|d 2013-07-19
|e Riza Enterprise
|g 1387.00
|l 0
|o 350.0073091724 MAK
|p 3010027228
|r 2013-07-19
|t 1
|w 2013-07-19
|y BK
|
| 952 |
|
|
|0 0
|1 0
|2 ddc
|4 0
|6 350_007309172400000_MAK
|7 0
|9 23070
|a IGS
|b IGS
|c GEN
|d 2013-08-01
|e Karim International
|g 1600.00
|l 0
|o 350.0073091724 MAK
|p 3010027296
|r 2013-08-01
|t 2
|w 2013-08-01
|y BK
|